| 000 | 00479nam a2200193Ia 4500 | ||
|---|---|---|---|
| 003 | OSt | ||
| 005 | 20221005133129.0 | ||
| 006 | a|||||r|||| 00| 0 | ||
| 007 | ta | ||
| 008 | 221004b |||||||| |||| 00| 0 eng d | ||
| 024 | _a113128 | ||
| 037 | _cTextual | ||
| 040 |
_aCRL _cCRL _beng |
||
| 041 |
_2eng _aeng |
||
| 100 |
_aDutt Ramesh Chandra _9216425 |
||
| 245 | 0 |
_aVimala Anu _b Jaganath Prabhakar |
|
| 942 |
_cTEXL _2cc |
||
| 999 |
_c1065813 _d1065813 |
||